| 000 | 00908nam a2200301 i 4500 | ||
|---|---|---|---|
| 001 | C2-0300170 | ||
| 003 | PPAK | ||
| 005 | 20230711160230.0 | ||
| 008 | 091029s2007 my a g a 1 f may d | ||
| 020 | _a9679428278 | ||
| 020 |
_a9789679428278 _qpaperback |
||
| 040 |
_aPPAK _beng _cPPAK _erda |
||
| 082 | 0 | 4 |
_223 _a899.2333 |
| 090 | 0 | 0 |
_a899.233 _bSHA _dG |
| 090 | 2 | 0 |
_a899.233 _bSHA _dR |
| 090 | 2 | 0 |
_a899.2333 _bSHA _dKWS |
| 100 | 0 |
_aShaharom Husain, _eauthor. _d1919-2008 |
|
| 245 | 1 | 0 |
_aDi Bawah Tikaman Garpu / _cShaharom Husain |
| 264 | 1 |
_aBangi, Selangor : _bPenerbit Universiti Kebangsaan Malaysia, _c2007 |
|
| 300 |
_a146 pages : _billustrations ; _c22 cm |
||
| 336 |
_2rdacontent _atext |
||
| 337 |
_2rdamedia _aunmediated |
||
| 338 |
_2rdacarrier _avolume |
||
| 500 | _aIncludes indexes | ||
| 650 | 1 | 0 | _aMalay fiction |
| 650 | 2 | 0 | _aWar stories, Malay |
| 942 |
_cB _2ddc |
||
| 999 |
_c104081 _d104081 |
||